<?xml version="1.0" encoding="UTF-8"?>
<record
    xmlns:xsi="http://www.w3.org/2001/XMLSchema-instance"
    xsi:schemaLocation="http://www.loc.gov/MARC21/slim http://www.loc.gov/standards/marcxml/schema/MARC21slim.xsd"
    xmlns="http://www.loc.gov/MARC21/slim">

  <leader>00834nam a22001937a 4500</leader>
  <controlfield tag="001">7476</controlfield>
  <controlfield tag="003">KOSZ 005</controlfield>
  <controlfield tag="005">20180427142110.0</controlfield>
  <controlfield tag="008">160307s1978    pl a|||| |||| 00| 0 pol  </controlfield>
  <datafield tag="040" ind1=" " ind2=" ">
    <subfield code="c">BPK</subfield>
    <subfield code="d">KOSZ 005/HR</subfield>
  </datafield>
  <datafield tag="080" ind1=" " ind2=" ">
    <subfield code="a">632</subfield>
  </datafield>
  <datafield tag="100" ind1="1" ind2=" ">
    <subfield code="a">BERLI&#x143;SKI, Kazimierz.</subfield>
    <subfield code="d">1975 - 1996.</subfield>
    <subfield code="b">Wy&#x17C;sza Szko&#x142;a In&#x17C;ynierska w Koszalinie - Instytut In&#x17C;ynierii &#x15A;rodowiska,</subfield>
    <subfield code="c">Zak&#x142;ad Biologii i Chemii Sanitarnej</subfield>
  </datafield>
  <datafield tag="245" ind1="1" ind2="0">
    <subfield code="a">Wykorzystanie metod biologicznych w zwalczaniu szkodnik&#xF3;w upraw ziemniak&#xF3;w / </subfield>
    <subfield code="c">K. Berli&#x144;ski</subfield>
  </datafield>
  <datafield tag="500" ind1=" " ind2=" ">
    <subfield code="a">Dane z kartoteki bpp.</subfield>
  </datafield>
  <datafield tag="650" ind1=" " ind2="0">
    <subfield code="a">Ro&#x15B;liny - ochrona.</subfield>
  </datafield>
  <datafield tag="650" ind1=" " ind2="0">
    <subfield code="a">Owady szkodliwe - zwalczanie.</subfield>
  </datafield>
  <datafield tag="773" ind1="0" ind2=" ">
    <subfield code="i">W :</subfield>
    <subfield code="t">Biologiczne metody walki ze szkodnikami ro&#x15B;lin /  pod red. J. Boczka i J. Lipy. -</subfield>
    <subfield code="d">Warszawa : Pa&#x144;stwowe Wydaw. Naukowe, 1978. -</subfield>
    <subfield code="g">s. 417-424.</subfield>
  </datafield>
  <datafield tag="942" ind1=" " ind2=" ">
    <subfield code="c">ROZ</subfield>
    <subfield code="2">UKD</subfield>
  </datafield>
  <datafield tag="999" ind1=" " ind2=" ">
    <subfield code="c">7476</subfield>
    <subfield code="d">7476</subfield>
  </datafield>
</record>
